| 000 | 00427pam a2200157a 44500 | ||
|---|---|---|---|
| 008 | 230515b2013 xxu||||| |||| 00| 0 eng d | ||
| 020 | _aNULL | ||
| 041 | _aENGLISH | ||
| 082 | _a621.3815/JAN | ||
| 100 | _aJAN RABAEY / CHANDRAKASAN ANANTHA | ||
| 245 | _aDIGITAL INTEGRATED CIRCUTS A DESIGN PERSPECTIVE | ||
| 250 | _a2 ND ED | ||
| 260 |
_aNEW DELHI _bPHI LEARNING PVT. LTD _c2013 |
||
| 300 | _aXXII761/PB | ||
| 650 | _aNULL | ||
| 999 |
_c665079 _d665079 |
||